The Mongol Empire : Genghis Khan : his triumph and his legacy /

Bibliographic Details
Main Author: Brent, Peter Ludwig
Format: Book
Language:English
Published: London : Weidenfeld & Nicholson, 1976.
Subjects:

MARC

Tag First Indicator Second Indicator Subfields
LEADER 00000cam a2200000 i 4500
001 in00000463003
005 20151012163117.0
008 761104s1976 enkabf 00110 eng
010 |a  76379137  
015 |a GB*** 
020 |a 029777137X :  |c 5.50 
035 |a (OCoLC)02608116 
035 |9 ABZ6095AM 
040 |a DLC  |c DLC  |d TXA  |d UtOrBLW 
043 |a a-mp---  |a a------ 
049 |a TXAM  |c [1554276] 
050 0 0 |a DS19  |b .B73 
082 0 |a 950/.2 
100 1 |a Brent, Peter Ludwig. 
245 1 4 |a The Mongol Empire :  |b Genghis Khan : his triumph and his legacy /  |c Peter Brent. 
264 1 |a London :  |b Weidenfeld & Nicholson,  |c 1976. 
300 |a 264 pages :  |b illustrations, (some color), genealogical tables, maps ;  |c 26 cm. 
336 |a text  |b txt  |2 rdacontent 
337 |a unmediated  |b n  |2 rdamedia 
338 |a volume  |b nc  |2 rdacarrier 
500 |a Includes index. 
650 0 |a Mongols  |x History. 
999 |a MARS 
999 f f |s a7946b0c-4b91-3090-9ce8-c9b47c3af238  |i e8fede73-a996-345b-bcb7-05f49ef14af9  |t 0 
952 f f |p normal  |a Texas A&M University  |b College Station  |c Sterling C. Evans Library  |d Evans: Library Stacks  |t 0  |e DS19 .B73  |h Library of Congress classification  |i unmediated -- volume  |m A14802022233 
998 f f |a DS19 .B73  |t 0  |l Evans: Library Stacks